000 00403nam a2200181Ia 4500
001 19323
005 20260306172644.0
008 260306t1999||||xx |||||||||||||| ||spa||
041 _aESP
082 _a658.8342
_bA79
100 _aAssael, Henry
_eAUT
245 0 _aComportamiento del consumidor
260 _c1999
300 _a
_c
650 _aGEN
654 _aCAN
942 _cLIB
_dJUS
_fJUS
_2ddc
_n
999 _c19323
_d19323